Torrefaccin̤ de caf ̌orgǹico

El siguiente video trata los siguientes temas:1. Torrefaccin̤ de caf ̌orgǹico2. Caf ̌orgǹico certificado3. Pasos para la torrefaccin̤ del caf̌

Uloženo v:
Podrobná bibliografie
Další autoři: Manueles Joselina, Canal AgroCampo / YouTube
Médium: Kniha
Jazyk:španělština
Témata:
On-line přístup:Torrefaccin̤ de caf ̌orgǹico
Tagy: Přidat tag
Žádné tagy, Buďte první, kdo vytvoří štítek k tomuto záznamu!

MARC

LEADER 00000nam a22000004a 4500
001 vpro11524
005 20201223000000.0
008 170410s2017 ck # g## #001 0#spa#d
020
022
040 |a CO-BoINGC 
041 0 |a spa 
245 1 0 |a Torrefaccin̤ de caf ̌orgǹico 
246 |a Organic coffee roasting 
264 |a Bogot ̀(Colombia) :  |b Revista VirtualPRO,  |c 2017 
520 3 |a El siguiente video trata los siguientes temas:1. Torrefaccin̤ de caf ̌orgǹico2. Caf ̌orgǹico certificado3. Pasos para la torrefaccin̤ del caf̌ 
650 \ \ |a Agroindustria 
650 \ \ |a Agricultura sostenible 
650 \ \ |a Agricultura biolg̤ica 
650 \ \ |a Industria del caf̌ 
650 \ \ |a Agro-industry 
650 \ \ |a Sustainable agriculture 
650 \ \ |a Organic farming 
650 \ \ |a Coffee industry 
650 \ \ |a caf ̌orgǹico 
650 \ \ |a torrefaccin̤ 
650 \ \ |a organic coffee 
650 \ \ |a roasting  
700 \ \ |a Manueles Joselina  
700 \ \ |a Canal AgroCampo / YouTube. 
856 |z Torrefaccin̤ de caf ̌orgǹico  |u https://virtualpro.unach.elogim.com/biblioteca/torrefaccion-de-cafe-organico